LEADER 00888cam0-22002891i-450- 001 990008865810403321 005 20100120092549.0 035 $a000886581 035 $aFED01000886581 035 $a(Aleph)000886581FED01 035 $a000886581 100 $a20090612d1900----km-y0itay50------ba 101 0 $aita 102 $aIT 105 $ay---n---001yy 200 1 $aDi una questione in tema di cauzioni$fFrancesco Perrone 210 $aNapoli$cGazz. Dir. e Giurisp.$d1900 215 $a34 p.$d23 cm 300 $aEstratto dalla rivista "Giurisprudenza italiana", 1900 e dalla rivista "Diritto e Giurisprudenza", 1900 700 1$aPerrone,$bFrancesco$0126657 801 0$aIT$bUNINA$cRICA$2UNIMARC 901 $aBK 912 $a990008865810403321 952 $aBusta 11 (1) 13$b237$fFGBC 959 $aFGBC 996 $aDi una questione in tema di cauzioni$9803404 997 $aUNINA LEADER 00985nam a2200241 4500 001 991001602869707536 008 030513s1996 de ||| | mul 020 $a3774927332 035 $ab12170744-39ule_inst 040 $aDip.to di Filol. Class. e di Scienze Filosofiche $bita 041 0 $agrcitalat 084 $aP C 10/16 100 1 $aCalderini, Aristide$0162594 245 10$aDizionario dei nomi geografici e topografici dell'Egitto greco-romano :$bSupplemento 2. :$b(1987-1993) /$cAristide Calderini ; a cura di Sergio Daris 260 $aBonn :$bHabelt,$c1996 300 $a247 p. ;$c29 cm. 700 1 $aDaris, Sergio 907 $a.b12170744$b21-09-06$c13-05-03 912 $a991001602869707536 945 $aLE007 P C 10/16$g1$i2007000061633$lle007$o-$pE0.00$q-$rn$so $t0$u1$v0$w1$x0$y.i12512904$z13-05-03 996 $aDizionario dei nomi geografici e topografici dell'Egitto greco-romano$9145540 997 $aUNISALENTO 998 $ale007$b13-05-03$cm$da $e-$fmul$gde $h0$i0